[Event "SWE-chT 2223 Elite"]
[Site "Sweden"]
[Date "2022.10.16"]
[Round "3.3"]
[White "Wedberg, Tom"]
[Black "Ziegler, Ari"]
[Result "1-0"]
[WhiteElo "2395"]
[BlackElo "2311"]
[PlyCount "83"]
[EventDate "2022.10.14"]
[EventType "team-tourn"]
[EventRounds "9"]
[EventCountry "SWE"]
[SourceTitle "CBM 210 Extra"]
[Source "ChessBase"]
[SourceDate "2022.11.30"]
[SourceVersion "1"]
[SourceVersionDate "2022.11.30"]
[SourceQuality "1"]
[WhiteTeam "Wasa"]
[BlackTeam "Limhamn"]
[WhiteTeamCountry "SWE"]
[BlackTeamCountry "SWE"]

1. e4 c5 2. Nf3 d6 3. d4 cxd4 4. Nxd4 Nf6 5. Nc3 Nc6 6. Bc4 Qb6 7. Nb3 e6 8. 0-0 a6 9. a4 Qc7 10. Be2 b6 11. f4 Bb7 12. Bf3 Be7 13. Be3 0-0 14. Qd2 Rab8 15. Qf2 Ba8 16. g4 Nb4 17. g5 Nd7 18. Nd4 Rfe8 19. Bg2 Bf8 20. Rae1 e5 21. Nf5 exf4 22. Bxf4 Ne5 23. Kh1 Rbd8 24. Be3 Ng4 25. Qh4 Nxe3 26. Rxe3 g6 27. Nh6+ Bxh6 28. Qxh6 f5 29. gxf6 Qf7 30. Rf2 Re5 31. Qf4 Rde8 32. Ree2 R8e6 33. Kg1 Bc6 34. Bh3 Re8 35. Qd2 d5 36. exd5 Nxd5 37. Rxe5 Rxe5 38. Bg2 b5 39. axb5 axb5 40. Ne4 Kh8 41. Qd4 Rf5 42. Nd6 1-0

[Event "SWE-chT 2223 Elite"]
[Site "Sweden"]
[Date "2022.10.14"]
[Round "1.4"]
[White "Rosell, Tomas"]
[Black "Wedberg, Tom"]
[Result "0-1"]
[WhiteElo "2174"]
[BlackElo "2395"]
[PlyCount "52"]
[EventDate "2022.10.14"]
[EventType "team-tourn"]
[EventRounds "9"]
[EventCountry "SWE"]
[SourceTitle "CBM 210 Extra"]
[Source "ChessBase"]
[SourceDate "2022.11.30"]
[SourceVersion "1"]
[SourceVersionDate "2022.11.30"]
[SourceQuality "1"]
[WhiteTeam "Helsingborg"]
[BlackTeam "Wasa"]
[WhiteTeamCountry "SWE"]
[BlackTeamCountry "SWE"]

1. e4 e5 2. Nf3 Nc6 3. d4 exd4 4. Nxd4 g6 5. Nc3 Bg7 6. Be3 Nf6 7. Nxc6 bxc6 8. e5 Ng8 9. f4 Nh6 10. Be2 0-0 11. 0-0 d6 12. exd6 cxd6 13. Bd4 Nf5 14. Bxg7 Kxg7 15. Kh1 Re8 16. g3 d5 17. Bf3 Qf6 18. Qd2 Ne3 19. Rfe1 Nc4 20. Qc1 Bf5 21. Rf1 Re3 22. g4 Bd7 23. Bg2 Bxg4 24. Nxd5 cxd5 25. Bxd5 Rae8 26. Bxc4 Qc6+ 0-1

[Event "SWE-chT 2122 Elite"]
[Site "Sweden"]
[Date "2022.03.18"]
[Round "3.3"]
[White "Wedberg, Tom"]
[Black "Vernersson, Per"]
[Result "0-1"]
[WhiteElo "2406"]
[BlackElo "2253"]
[PlyCount "132"]
[EventDate "2021.12.03"]
[EventType "team-tourn"]
[EventRounds "9"]
[EventCountry "SWE"]
[SourceTitle "EXT 2023"]
[Source "ChessBase"]
[SourceDate "2022.10.05"]
[SourceVersion "1"]
[SourceVersionDate "2022.10.05"]
[SourceQuality "1"]
[WhiteTeam "Wasa"]
[BlackTeam "Eksjo"]
[WhiteTeamCountry "SWE"]
[BlackTeamCountry "SWE"]

1. e4 c6 2. d4 d5 3. Nd2 dxe4 4. Nxe4 Nd7 5. Bc4 Ngf6 6. Ng5 e6 7. Qe2 Nb6 8. Bd3 h6 9. N5f3 Nbd7 10. Bd2 c5 11. Ne5 Qc7 12. f4 cxd4 13. Ngf3 Nxe5 14. fxe5 Nd5 15. Nxd4 Nb4 16. Bb5+ Bd7 17. 0-0-0 Bxb5 18. Qxb5+ Nc6 19. Ba5 Qc8 20. Nxc6 Qxc6 21. Qxc6+ bxc6 22. Rhf1 Be7 23. c4 Rb8 24. Bc7 Rb7 25. Bd6 c5 26. Rf3 0-0 27. Bxe7 Rxe7 28. Rd6 Rc8 29. Kc2 Kh7 30. Kd3 Kg6 31. Ke4 Rb7 32. Rg3+ Kh7 33. b3 Re7 34. Rgd3 Rcc7 35. Rd8 a5 36. Ra8 Ra7 37. Rdd8 a4 38. bxa4 Rxa8 39. Rxa8 Rd7 40. Rc8 Rd4+ 41. Kf3 Rxc4 42. a5 Kg6 43. Rc7 Rc3+ 44. Ke4 Rc2 45. a3 Rc3 46. g4 Rc4+ 47. Kf3 Rc3+ 48. Kf4 Rxa3 49. Rxc5 Ra4+ 50. Kg3 h5 51. gxh5+ Kxh5 52. Rc7 Kg6 53. Rc5 Kf5 54. Rc7 Ra3+ 55. Kf2 f6 56. exf6 gxf6 57. Rc5+ e5 58. h4 Kf4 59. Rb5 Ra2+ 60. Kf1 Kg4 61. Rb4+ Kg3 62. Rb6 f5 63. Rb5 Ra1+ 64. Ke2 f4 65. Rxe5 f3+ 66. Kd2 f2 0-1

[Event "SWE-chT 1920 Elite"]
[Site "Sweden"]
[Date "2019.10.18"]
[Round "1.2"]
[White "Wedberg, Tom"]
[Black "Alle, Ambjorn"]
[Result "1-0"]
[WhiteElo "2417"]
[BlackElo "2256"]
[PlyCount "153"]
[EventDate "2019.10.18"]
[EventType "team-tourn"]
[EventRounds "9"]
[EventCountry "SWE"]
[SourceTitle "CBM 192 Extra"]
[Source "Chessbase"]
[SourceDate "2019.11.06"]
[SourceVersion "1"]
[SourceVersionDate "2019.11.06"]
[SourceQuality "1"]
[WhiteTeam "Wasa"]
[BlackTeam "Vaxjo"]
[WhiteTeamCountry "SWE"]
[BlackTeamCountry "SWE"]

1. e4 c6 2. d4 d5 3. Nd2 dxe4 4. Nxe4 Nf6 5. Nxf6+ exf6 6. Be2 Bd6 7. Bf3 0-0 8. Ne2 Re8 9. 0-0 Nd7 10. c4 f5 11. Be3 Nf6 12. g3 Ng4 13. Bf4 g5 14. Bxd6 Qxd6 15. Nc3 Bd7 16. Bxg4 fxg4 17. Qd2 h6 18. Rfe1 Bf5 19. Re3 Red8 20. Rae1 a5 21. b3 Qb4 22. Re5 Bg6 23. Qe3 Qa3 24. d5 Kh7 25. Qd4 Qf8 26. Re7 a4 27. d6 axb3 28. axb3 b5 29. cxb5 cxb5 30. Nxb5 Qg7 31. Qc5 Ra1 32. Nd4 Rxe1+ 33. Rxe1 Qf6 34. Nb5 Qf3 35. Qe5 Qxb3 36. Qe7 Qb4 37. Rc1 Rb8 38. Nc7 Qd2 39. Rf1 Qb4 40. Nd5 Qd4 41. Nf6+ Kg7 42. Ne8+ Rxe8 43. Qxe8 Qxd6 44. Re1 Bf5 45. Qe5+ Qxe5 46. Rxe5 Kf6 47. Re3 Be6 48. Kf1 Bc4+ 49. Ke1 Be6 50. Kd2 Bd5 51. Kc3 Be6 52. Kd4 Ba2 53. Ra3 Be6 54. Ra6 Kf5 55. Ra5+ Kf6 56. Ke4 Bb3 57. Ra6+ Kg7 58. Kf5 Bd1 59. Rd6 Be2 60. Rd8 Bc4 61. Kxg4 Kg6 62. Kf3 Bb3 63. Ke3 Kh5 64. Rh8 Ba2 65. Kd4 Kg6 66. Ra8 Bb3 67. Ra3 Bd1 68. Ke5 Bc2 69. Ra6+ Kg7 70. f4 gxf4 71. gxf4 Bb3 72. f5 Bc4 73. Rb6 Be2 74. Rc6 Bd1 75. Rc3 Be2 76. Rg3+ Kf8 77. Kf6 1-0

[Event "SWE-chT 1819 Elite"]
[Site "Sweden"]
[Date "2019.03.29"]
[Round "7.2"]
[White "Wedberg, Tom"]
[Black "Drugge, Patrick"]
[Result "1/2-1/2"]
[WhiteElo "2439"]
[BlackElo "2198"]
[PlyCount "52"]
[EventDate "2018.11.09"]
[EventType "team-tourn"]
[EventRounds "9"]
[EventCountry "SWE"]
[SourceTitle "CBM 189 Extra"]
[Source "ChessBase"]
[SourceDate "2019.06.03"]
[SourceVersion "1"]
[SourceVersionDate "2019.06.03"]
[SourceQuality "1"]
[WhiteTeam "Wasa"]
[BlackTeam "Norrkoping Schack 08"]
[WhiteTeamCountry "SWE"]
[BlackTeamCountry "SWE"]

1. c4 e6 2. Nf3 d5 3. d4 c6 4. Nbd2 Nf6 5. Qc2 b6 6. e4 dxe4 7. Nxe4 Bb7 8. Bd3 Bb4+ 9. Ke2 Nbd7 10. Bg5 Be7 11. Rad1 Nxe4 12. Bxe7 Qxe7 13. Bxe4 Nf6 14. Rhe1 Nxe4 15. Qxe4 c5 16. Qf4 Bxf3+ 17. Qxf3 0-0 18. Kf1 cxd4 19. Rxd4 Rad8 20. Red1 Rxd4 21. Rxd4 Rd8 22. Qd3 Rxd4 23. Qxd4 g6 24. a3 Qg5 25. g3 Qc1+ 26. Kg2 e5 1/2-1/2

[Event "Oberliga Nord N 1819"]
[Site "Germany"]
[Date "2019.02.24"]
[Round "7.1"]
[White "Brynell, Stellan"]
[Black "Wedberg, Tom"]
[Result "1-0"]
[WhiteElo "2398"]
[BlackElo "2439"]
[PlyCount "79"]
[EventDate "2018.10.21"]
[EventType "team-tourn"]
[EventRounds "9"]
[EventCountry "GER"]
[SourceTitle "EXT 2020"]
[Source "ChessBase"]
[SourceDate "2019.10.17"]
[SourceVersion "1"]
[SourceVersionDate "2019.10.17"]
[SourceQuality "1"]
[WhiteTeam "Schwerin SF"]
[BlackTeam "Johanneum Eppendorf"]
[WhiteTeamCountry "GER"]
[BlackTeamCountry "GER"]

1. d4 Nf6 2. Nf3 e6 3. c4 c5 4. g3 cxd4 5. Nxd4 Nc6 6. Bg2 Qb6 7. Nb3 Bb4+ 8. Bd2 Ne5 9. Qc2 Bxd2+ 10. N1xd2 d5 11. cxd5 exd5 12. Qc5 Qxc5 13. Nxc5 b6 14. Ncb3 Ba6 15. Rc1 0-0 16. Nd4 Rfe8 17. 0-0 Rac8 18. N2f3 Nc4 19. Rc2 Nd6 20. Rfc1 Rxc2 21. Rxc2 Rc8 22. Rxc8+ Bxc8 23. Ne5 Kf8 24. Kf1 a6 25. Ke1 Nf5 26. Ndc6 Be6 27. Kd2 Ne4+ 28. Bxe4 dxe4 29. b3 f6 30. Nc4 Bxc4 31. bxc4 Ke8 32. Nb4 Kd7 33. Nxa6 Kd6 34. Kc3 h5 35. a4 g5 36. Nb4 e3 37. f3 h4 38. gxh4 gxh4 39. Nd5 Ke5 40. Kd3 1-0

[Event "LAT-chT"]
[Site "Riga"]
[Date "2017.11.20"]
[Round "7.1"]
[White "Wedberg, Tom"]
[Black "Agafonov, Yuri"]
[Result "1-0"]
[WhiteElo "2453"]
[BlackElo "2148"]
[PlyCount "95"]
[EventDate "2017.11.17"]
[EventType "team-swiss"]
[EventRounds "7"]
[EventCountry "LAT"]
[SourceTitle "CBM 181 Extra"]
[Source "ChessBase"]
[SourceDate "2017.12.12"]
[SourceVersion "1"]
[SourceVersionDate "2017.12.12"]
[SourceQuality "1"]
[WhiteTeam "RTU WASA"]
[BlackTeam "Olaine"]
[WhiteTeamCountry "LAT"]
[BlackTeamCountry "LAT"]

1. e4 Nf6 2. e5 Nd5 3. d4 d6 4. Nf3 dxe5 5. Nxe5 c6 6. Bc4 Nd7 7. Nf3 N7f6 8. 0-0 Bg4 9. c3 e6 10. h3 Bh5 11. Nbd2 Bd6 12. Re1 0-0 13. Bf1 Rc8 14. Nc4 Bb8 15. Nce5 Nd7 16. Nxd7 Qxd7 17. Ne5 Bxe5 18. Qxh5 Bf4 19. Bd3 g6 20. Qf3 Bxc1 21. Raxc1 Rfd8 22. Rcd1 Kg7 23. Bc2 Qc7 24. Bb3 Nf6 25. Re5 b6 26. Rde1 Rd6 27. h4 h5 28. Qg3 c5 29. dxc5 bxc5 30. R5e2 Rd7 31. Qxc7 Rcxc7 32. Bc4 Rd6 33. a4 a5 34. Rb1 Rcd7 35. Ree1 Rd2 36. Bb5 R7d6 37. b4 cxb4 38. cxb4 axb4 39. Rxb4 Rc2 40. Ra1 Rdd2 41. a5 Rxf2 42. Bf1 Nd5 43. Rb3 Ra2 44. Ra3 Rxa1 45. Rxa1 Rc2 46. a6 Nc7 47. a7 f5 48. Rb1 1-0

[Event "LAT-chT"]
[Site "Riga"]
[Date "2017.11.18"]
[Round "2.1"]
[White "Tronenkovs, Valdis"]
[Black "Wedberg, Tom"]
[Result "0-1"]
[WhiteElo "2306"]
[BlackElo "2453"]
[PlyCount "74"]
[EventDate "2017.11.17"]
[EventType "team-swiss"]
[EventRounds "7"]
[EventCountry "LAT"]
[SourceTitle "CBM 181 Extra"]
[Source "ChessBase"]
[SourceDate "2017.12.12"]
[SourceVersion "1"]
[SourceVersionDate "2017.12.12"]
[SourceQuality "1"]
[WhiteTeam "Riga Technical Univ"]
[BlackTeam "RTU WASA"]
[WhiteTeamCountry "LAT"]
[BlackTeamCountry "LAT"]

1. e4 c5 2. Ne2 Nc6 3. Nbc3 e6 4. d4 cxd4 5. Nxd4 Qc7 6. Be3 a6 7. Qf3 d6 8. 0-0-0 Bd7 9. Qg3 Rc8 10. f4 Nf6 11. Rd2 b5 12. a3 b4 13. axb4 Nxb4 14. e5 Nfd5 15. Nxd5 Nxd5 16. exd6 Bxd6 17. Bxa6 Qa5 18. Nb3 Qxa6 19. Rxd5 exd5 20. Qxg7 Rf8 21. Qf6 Qc4 22. Nd4 Be7 23. Qe5 Ra8 24. Kd2 Qb4+ 25. Ke2 Qd6 26. Qh5 Rg8 27. Kf2 Bg4 28. Qxh7 Qg6 29. Qxg6 fxg6 30. h3 Bf5 31. Nb5 Rc8 32. Nc3 Bf6 33. Nxd5 Rxc2+ 34. Kf3 Bxb2 35. Re1 Kf7 36. g4 Bc8 37. Bf2 Re8 0-1

[Event "Vasteras op"]
[Site "Vasteras"]
[Date "2017.09.30"]
[Round "5"]
[White "Wedberg, Tom"]
[Black "Larsson, Johan"]
[Result "1-0"]
[WhiteElo "2458"]
[BlackElo "2184"]
[PlyCount "61"]
[EventDate "2017.09.29"]
[EventType "swiss"]
[EventRounds "8"]
[EventCountry "SWE"]
[SourceTitle "EXT 2018"]
[Source "ChessBase"]
[SourceDate "2017.10.13"]
[SourceVersion "1"]
[SourceVersionDate "2017.10.13"]
[SourceQuality "1"]

1. c4 Nf6 2. Nc3 g6 3. g3 Bg7 4. Bg2 0-0 5. e4 d6 6. Nge2 Nbd7 7. 0-0 a6 8. d3 Rb8 9. a4 c6 10. h3 b5 11. axb5 cxb5 12. cxb5 axb5 13. b4 Ne5 14. Be3 Bd7 15. f4 Nc6 16. Rb1 Qc8 17. Kh2 e6 18. Qd2 Ne7 19. Rfc1 Qd8 20. Qe1 Ne8 21. Rc2 f5 22. Qd2 e5 23. d4 fxe4 24. dxe5 Nf5 25. Rd1 Be6 26. Bxe4 Qe7 27. exd6 Nfxd6 28. Bc5 Nxe4 29. Nxe4 Qb7 30. Bxf8 Bxf8 31. Nc5 1-0

[Event "Vasteras op"]
[Site "Vasteras"]
[Date "2017.09.29"]
[Round "1"]
[White "Wedberg, Tom"]
[Black "Bast, Billy"]
[Result "1-0"]
[WhiteElo "2458"]
[BlackElo "1957"]
[PlyCount "54"]
[EventDate "2017.09.29"]
[EventType "swiss"]
[EventRounds "8"]
[EventCountry "SWE"]
[SourceTitle "EXT 2018"]
[Source "ChessBase"]
[SourceDate "2017.10.13"]
[SourceVersion "1"]
[SourceVersionDate "2017.10.13"]
[SourceQuality "1"]

1. e4 e6 2. d4 d5 3. Nc3 Nc6 4. Nf3 Nf6 5. Bg5 Be7 6. e5 Nd7 7. h4 h6 8. Be3 a6 9. a3 b5 10. Bd3 Bb7 11. Ne2 Na5 12. Nf4 c5 13. c3 Nc4 14. Bc1 Qb6 15. Bc2 Rc8 16. b3 Na5 17. Be3 b4 18. cxb4 cxb4 19. a4 Qc7 20. Ra2 Nb6 21. 0-0 g5 22. Nh5 gxh4 23. Qe2 Kd7 24. Nf6+ Bxf6 25. exf6 h3 26. Ne5+ Ke8 27. Qg4 Qd6 1-0

[Event "Oberliga Nord N 1415"]
[Site "Germany"]
[Date "2015.04.12"]
[Round "9.1"]
[White "Voelzke, Ferdinand"]
[Black "Wedberg, Tom"]
[Result "0-1"]
[WhiteElo "2170"]
[BlackElo "2481"]
[PlyCount "118"]
[EventDate "2014.09.21"]
[EventType "team-tourn"]
[EventRounds "9"]
[EventCountry "GER"]
[SourceTitle "EXT 2016"]
[Source "ChessBase"]
[SourceDate "2015.10.08"]
[SourceVersion "1"]
[SourceVersionDate "2015.10.08"]
[SourceQuality "1"]
[WhiteTeam "Kiel Turm"]
[BlackTeam "Eppendorf Johanneum"]
[WhiteTeamCountry "GER"]
[BlackTeamCountry "GER"]

1. Nf3 c5 2. g3 Nc6 3. Bg2 e5 4. d3 g6 5. 0-0 Bg7 6. e4 Nge7 7. c3 0-0 8. Na3 d6 9. Nc2 d5 10. exd5 Nxd5 11. Ne3 Nc7 12. Re1 Re8 13. h4 h6 14. a4 Rb8 15. a5 Be6 16. Nd2 Qxd3 17. Ne4 Qxd1 18. Nxd1 Bd5 19. Nxc5 Bxg2 20. Kxg2 Ne6 21. Nxe6 Rxe6 22. Ne3 Rd8 23. Rd1 Rxd1 24. Nxd1 a6 25. Kf1 e4 26. Ra2 Ne5 27. Ke2 h5 28. Be3 Nc4 29. b3 Nxe3 30. Kxe3 Bh6+ 31. Ke2 Rd6 32. Ra4 f5 33. Rb4 Rd2+ 34. Ke1 Rd7 35. Rb6 Kf7 36. Ke2 Bg7 37. Rb4 Be5 38. Rc4 Ke6 39. Rc8 Kf7 40. Rc5 Bd6 41. Rc4 Bc7 42. b4 Be5 43. Rc5 Ke6 44. Rc4 Rc7 45. Rxc7 Bxc7 46. Nb2 f4 47. gxf4 Bxf4 48. Na4 Bd6 49. f3 Kf5 50. Nb6 Kf4 51. Nd5+ Ke5 52. fxe4 Kxe4 53. Ne3 Be7 54. Ng2 Bf6 55. c4 Bc3 56. b5 Bxa5 57. bxa6 bxa6 58. c5 Bc7 59. Ne3 Kd4 0-1

[Event "SWE-chT2 1112"]
[Site "Sweden"]
[Date "2012.03.09"]
[Round "7"]
[White "Wedberg, Tom"]
[Black "Fries Nielsen, Niels Jorgen"]
[Result "1/2-1/2"]
[WhiteElo "2487"]
[BlackElo "2315"]
[PlyCount "76"]
[EventDate "2011.10.22"]
[EventType "team-tourn"]
[EventRounds "9"]
[EventCountry "SWE"]
[SourceTitle "EXT 2013"]
[Source "ChessBase"]
[SourceDate "2012.11.22"]
[SourceVersion "1"]
[SourceVersionDate "2012.11.22"]
[SourceQuality "1"]
[WhiteTeam "Wasa"]
[BlackTeam "Burgsvik Alva"]
[WhiteTeamCountry "SWE"]
[BlackTeamCountry "SWE"]

1. e4 d6 2. d4 Nf6 3. Nc3 g6 4. Nf3 Bg7 5. h3 0-0 6. Be3 a6 7. a4 Nc6 8. Qd2 e5 9. d5 Ne7 10. Be2 Nxe4 11. Nxe4 f5 12. Nfg5 fxe4 13. Nxe4 Nf5 14. Bg5 Qe8 15. Qd3 Bd7 16. b3 Rc8 17. 0-0 Bh6 18. h4 Bg7 19. g3 Nd4 20. Bd1 Bh3 21. Re1 Qf7 22. c3 Nf3+ 23. Bxf3 Qxf3 24. Qxf3 Rxf3 25. Be3 Rff8 26. c4 Bf5 27. f3 h5 28. Kg2 Rf7 29. Rac1 Bxe4 30. fxe4 c5 31. Rb1 a5 32. Rf1 Rcf8 33. Bg5 Bf6 34. Bh6 Bg7 35. Bd2 b6 36. Be3 Rxf1 37. Rxf1 Rxf1 38. Kxf1 Bf6 1/2-1/2

[Event "SWE-chT2 1112"]
[Site "Sweden"]
[Date "2011.10.23"]
[Round "2"]
[White "Ingbrandt, Johan"]
[Black "Wedberg, Tom"]
[Result "0-1"]
[WhiteElo "2397"]
[BlackElo "2487"]
[PlyCount "124"]
[EventDate "2011.10.22"]
[EventType "team-tourn"]
[EventRounds "9"]
[EventCountry "SWE"]
[SourceTitle "EXT 2013"]
[Source "ChessBase"]
[SourceDate "2012.11.22"]
[SourceVersion "1"]
[SourceVersionDate "2012.11.22"]
[SourceQuality "1"]
[WhiteTeam "Norrkoping Schack 08"]
[BlackTeam "Wasa"]
[WhiteTeamCountry "SWE"]
[BlackTeamCountry "SWE"]

1. d4 Nf6 2. c4 e6 3. Nc3 Bb4 4. e3 b6 5. Nge2 Ne4 6. f3 Bxc3+ 7. bxc3 Nd6 8. Ng3 f5 9. Bd3 0-0 10. 0-0 Nc6 11. e4 Ba6 12. exf5 Nxf5 13. Nxf5 exf5 14. Qc2 Qf6 15. Ba3 d6 16. Rae1 Qf7 17. c5 Bxd3 18. Qxd3 dxc5 19. d5 Rad8 20. c4 Nd4 21. Bb2 c6 22. Bxd4 cxd4 23. Qxd4 cxd5 24. c5 bxc5 25. Qxc5 Rd7 26. Rd1 Rfd8 27. Rd4 Qe6 28. Qc3 Qb6 29. Rfd1 Rc7 30. Qb3 Rc1 31. Kf2 Rxd1 32. Qxd1 Qb2+ 33. Rd2 Qb6+ 34. Rd4 Qb2+ 35. Rd2 Qe5 36. Rd4 Qxh2 37. Rxd5 Qh4+ 38. Kg1 Re8 39. Kf1 Qh1+ 40. Kf2 Qh4+ 41. Kf1 Qc4+ 42. Kg1 Qxa2 43. Rd8 Qe6 44. Rxe8+ Qxe8 45. Qd5+ Kh8 46. Qxf5 Qe1+ 47. Kh2 Qh4+ 48. Kg1 Qd8 49. g4 a5 50. Qe4 h6 51. Kg2 Qd2+ 52. Kh3 Qb4 53. Qf5 Qc3 54. Qf7 Qc8 55. Qa7 Qc6 56. Qxa5 Qxf3+ 57. Kh4 Kh7 58. Qa7 Qf4 59. Kh3 Qf3+ 60. Kh4 Qg2 61. Qc7 Qf2+ 62. Kh5 Qf6 0-1

[Event "SWE-chT2 1011"]
[Site "Sweden"]
[Date "2011.01.15"]
[Round "4"]
[White "Enstrom, Henrik"]
[Black "Wedberg, Tom"]
[Result "1-0"]
[WhiteElo "2066"]
[BlackElo "2503"]
[PlyCount "115"]
[EventDate "2010.10.23"]
[EventType "team-tourn"]
[EventRounds "9"]
[EventCountry "SWE"]
[SourceTitle "EXT 2012"]
[Source "ChessBase"]
[SourceDate "2011.11.24"]
[SourceVersion "1"]
[SourceVersionDate "2011.11.24"]
[SourceQuality "1"]
[WhiteTeam "Majorna"]
[BlackTeam "Wasa"]
[WhiteTeamCountry "SWE"]
[BlackTeamCountry "SWE"]

1. d4 Nf6 2. c4 e6 3. Nc3 Bb4 4. Nf3 b6 5. e3 Bb7 6. Bd3 0-0 7. 0-0 d5 8. Qc2 Nbd7 9. Nd2 c5 10. a3 Bxc3 11. bxc3 dxc4 12. Bxc4 Qc7 13. Qb3 Rac8 14. Be2 Rfd8 15. c4 Nb8 16. Bb2 Nc6 17. Nf3 Na5 18. Qa4 cxd4 19. Nxd4 Ne4 20. Rfc1 Nc5 21. Qb4 Qe7 22. Rd1 Qg5 23. Bf1 e5 24. Nb5 Nd3 25. Rxd3 Rxd3 26. h4 Qg6 27. Bxe5 Rd7 28. Nxa7 Rxc4 29. Qb5 Rd8 30. Rd1 Ra8 31. Rd6 Qe4 32. Qxb6 f6 33. Qxa5 Rc1 34. Rd8+ Kf7 35. Rd7+ Ke8 36. Rxb7 Qxb7 37. Bd4 Qb1 38. Qb5+ Qxb5 39. Nxb5 Ra5 40. Nd6+ Kd7 41. Nc4 Ra6 42. g3 Rc6 43. Nb6+ Kd8 44. Kg2 Rb1 45. Nd5 Rcc1 46. Be2 Re1 47. Bc4 Rbc1 48. Bb5 Red1 49. a4 Rd2 50. a5 Kc8 51. Nb4 Rb1 52. Bc3 Rdd1 53. Be2 Rdc1 54. Nd5 Rb3 55. Bd4 Rcb1 56. a6 Ra3 57. a7 Kb7 58. Bf3 1-0

[Event "SWE-chT2 1011"]
[Site "Sweden"]
[Date "2010.11.13"]
[Round "2"]
[White "Wedberg, Tom"]
[Black "Nygren, Kim"]
[Result "1/2-1/2"]
[WhiteElo "2503"]
[BlackElo "2252"]
[PlyCount "118"]
[EventDate "2010.10.23"]
[EventType "team-tourn"]
[EventRounds "9"]
[EventCountry "SWE"]
[SourceTitle "EXT 2012"]
[Source "ChessBase"]
[SourceDate "2011.11.24"]
[SourceVersion "1"]
[SourceVersionDate "2011.11.24"]
[SourceQuality "1"]
[WhiteTeam "Wasa"]
[BlackTeam "Orebro"]
[WhiteTeamCountry "SWE"]
[BlackTeamCountry "SWE"]

1. e4 c5 2. Nf3 d6 3. d4 cxd4 4. Nxd4 Nf6 5. Nc3 a6 6. Be3 Ng4 7. Bg5 h6 8. Bh4 g5 9. Bg3 Bg7 10. h3 Ne5 11. f3 Nbc6 12. Bf2 Nxd4 13. Bxd4 Be6 14. Be2 f6 15. g3 0-0 16. f4 Nc6 17. f5 Bf7 18. Bf2 Qa5 19. Qd2 Qe5 20. 0-0-0 Rac8 21. Kb1 Rfd8 22. g4 b5 23. Rhg1 Bf8 24. Bf3 e6 25. Rge1 Be7 26. Nd5 Qh2 27. Rh1 Qe5 28. Nxe7+ Nxe7 29. Bd4 Qg3 30. Qe2 Nc6 31. Bxf6 Re8 32. h4 exf5 33. gxf5 Nb4 34. c3 Bxa2+ 35. Ka1 Bc4 36. Qg2 Qxg2 37. Bxg2 Nc2+ 38. Kb1 Ne3 39. Rxd6 g4 40. Rg1 Nxg2 41. Rxg2 Rxe4 42. b3 Bxb3 43. Bd4 Bd1 44. Rxh6 Rc4 45. Rd2 Bf3 46. Kb2 Re1 47. Rh8+ Kf7 48. Rh7+ Ke8 49. f6 Rb1+ 50. Kxb1 Be4+ 51. Kb2 Bxh7 52. Re2+ Kf8 53. Re7 Bg6 54. Rg7 Bf7 55. Rxg4 b4 56. Rg5 bxc3+ 57. Bxc3 Rxh4 58. Be5 Rh5 59. Bd6+ Ke8 1/2-1/2

[Event "SWE-chT2 1011"]
[Site "Sweden"]
[Date "2010.10.23"]
[Round "1"]
[White "Wedberg, Tom"]
[Black "Wickstrom, Lucas"]
[Result "1/2-1/2"]
[WhiteElo "2503"]
[BlackElo "2209"]
[PlyCount "63"]
[EventDate "2010.10.23"]
[EventType "team-tourn"]
[EventRounds "9"]
[EventCountry "SWE"]
[SourceTitle "EXT 2012"]
[Source "ChessBase"]
[SourceDate "2011.11.24"]
[SourceVersion "1"]
[SourceVersionDate "2011.11.24"]
[SourceQuality "1"]
[WhiteTeam "Wasa"]
[BlackTeam "Umea Rockaden"]
[WhiteTeamCountry "SWE"]
[BlackTeamCountry "SWE"]

1. e4 c5 2. Nf3 Nc6 3. d4 cxd4 4. Nxd4 e5 5. Nb5 d6 6. c4 f5 7. exf5 Bxf5 8. Bd3 Be6 9. 0-0 Be7 10. N1c3 a6 11. Na3 Nf6 12. Bg5 0-0 13. Bxf6 Rxf6 14. Be4 Rh6 15. Bd5 Bxd5 16. Qxd5+ Kh8 17. Nc2 Qe8 18. Ne4 Qh5 19. h3 Rf8 20. Qd1 Qg6 21. Qg4 Qf7 22. Qe2 Rg6 23. Rad1 Nd8 24. Ng3 Ne6 25. Qe4 b5 26. cxb5 axb5 27. Qd5 h5 28. Ne3 Rf6 29. Ne4 Rg6 30. Ng3 Rf6 31. Ne4 Rg6 32. Ng3 1/2-1/2